[Event "Hunan Belt and Road Open 2019"]
[Site "Hunan"]
[Date "2019.07.30"]
[Round "2.19"]
[White "Deac, Bogdan-Daniel"]
[Black "Li, Yankai"]
[Result "1-0"]
[WhiteElo "2621"]
[BlackElo "2439"]
[Annotator "RC"]
[PlyCount "89"]
[EventDate "2019.07.29"]
[EventType "swiss"]
[EventCountry "CHN"]
[SourceTitle "playchess.com"]
[Source "ChessBase"]
[SourceQuality "1"]
[TimeControl "5400+30"]

1. d4 {[%emt 0:00:00]} Nf6 {[%emt 0:00:00]} 2. c4 {[%emt 0:00:00]} e6 {[%emt 0:00:00]} 3. Nf3 {[%emt 0:00:00]} d5 {[%emt 0:00:00]} 4. g3 {[%emt 0:00:00]} Be7 {[%emt 0:00:00]} 5. Bg2 {[%emt 0:00:00]} O-O {[%emt 0:00:00]} 6. O-O {[%emt 0:00:47]} dxc4 {[%emt 0:00:00]} 7. Qc2 {[%emt 0:00:08]} a6 {[%emt 0:00:01]} 8. a4 {[%emt 0:00:04]} c5 {[%emt 0:00:03]} 9. dxc5 {[%emt 0:00:16]} Bxc5 {[%emt 0:00:03]} 10. Qxc4 {[%emt 0:00:54]} b6 {[%emt 0:00:13]} 11. Ne5 {[%emt 0:00:08]} Ra7 {[%emt 0:00:03]} 12. Nd3 {[%emt 0:01:15]} Bd6 {[%emt 0:03:21]} 13. Bg5 {[%emt 0:25:38]} h6 {[%emt 0:05:22]} 14. Bxf6 {[%emt 0:04:19]} Qxf6 {[%emt 0:00:05]} 15. Nd2 {[%emt 0:00:13]} Qe7 {[%emt 0:08:46]} 16. Rfc1 {[%emt 0:08:43]} Nd7 {[%emt 0:15:32]} 17. a5 {[%emt 0:02:12]} Rc7 {[%emt 0:05:26]} 18. Qa2 {[%emt 0:02:27]} b5 {[%emt 0:12:08]} 19. Ne4 {[%emt 0:00:10]} Ne5 {[%emt 0:04:30]} 20. Nxd6 {[%emt 0:00:11]} Rxc1+ {[%emt 0:01:08]} 21. Rxc1 {[%emt 0:02:32]} Qxd6 {[%emt 0:00:12]} 22. Nxe5 {[%emt 0:00:14]} Qxe5 {[%emt 0:00:04]} 23. b4 {[%emt 0:00:10]} Qd4 {[%emt 0:03:52]} 24. Qb1 {[%emt 0:00:52]} Rd8 {[%emt 0:02:51]} 25. e3 {[%emt 0:00:07]} Qd2 {[%emt 0:01:02]} 26. Bf3 {[%emt 0:00:10]} Qd6 {[%emt 0:01:49]} 27. Rc6 {[%emt 0:03:37]} Qd2 {[%emt 0:01:49]} 28. Rc2 {[%emt 0:01:30]} Qd7 {[%emt 0:04:13]} 29. Bc6 {[%emt 0:02:23]} Qe7 {[%emt 0:01:33]} 30. Rc5 {[%emt 0:00:22]} Bb7 {[%emt 0:01:55]} 31. Qe4 {[%emt 0:00:13]} Bxc6 {[%emt 0:00:12]} 32. Qxc6 {[%emt 0:00:05]} Qf6 {[%emt 0:08:19]} 33. Qxa6 {[%emt 0:01:56]} Rd1+ {[%emt 0:04:39]} 34. Kg2 {[%emt 0:00:04]} Qa1 {[%emt 0:00:01]} 35. Qxb5 {[%emt 0:09:02]} Rh1 {[%emt 0:00:14]} 36. Qd3 {[%emt 0:11:42]} f5 {[%emt 0:04:01]} 37. Qd7 {[%emt 0:00:34]} Kh7 {[%emt 0:00:56]} 38. Rc7 {[%emt 0:00:06]} Rg1+ {[%emt 0:00:39]} 39. Kf3 {[%emt 0:02:06]} Qf6 {[%emt 0:00:48]} 40. h3 {[%emt 0:04:01]} Qg6 {[%emt 0:06:59]} 41. Qf7 {[%emt 0:01:02]} Qg5 {[%emt 0:00:06]} 42. Rc8 {[%emt 0:00:12]} e5 {[%emt 0:00:33]} 43. a6 {[%emt 0:01:49]} Rh1 {[%emt 0:03:56]} 44. a7 Rxh3 {[%emt 0:00:05]} 45. Kg2 {[%emt 0:02:16]} 1-0

[Event "Hunan Belt and Road Open 2019"]
[Site "Hunan"]
[Date "2019.07.30"]
[Round "2.20"]
[White "Zhao, Yuanhe"]
[Black "Zhou, Jianchao"]
[Result "1/2-1/2"]
[WhiteElo "2448"]
[BlackElo "2608"]
[Annotator "TA"]
[PlyCount "76"]
[EventDate "2019.07.29"]
[EventType "swiss"]
[EventCountry "CHN"]
[SourceTitle "playchess.com"]
[Source "ChessBase"]
[SourceQuality "1"]

{[%evp 9,76,-32,-20,-35,-27,-21,-8,-14,-12,-12,0,-8,-8,-4,0,0,0,-10,0,-5,8,10,37,31,44,29,39,23,18,0,0,0,29,30,37,23,20,27,18,18,7,0,0,0,9,8,45,11,90,99,97,34,50,8,8,15,8,35,15,0,13,17,29,0,0,0,0,0,5]} 1. Nf3 c5 2. g3 Nc6 3. Bg2 Nf6 4. O-O e5 5. c3 (5. d3 d5 6. e4 d4 7. a4 Be7 8. Na3 O-O 9. Nc4 Nd7 10. Nfd2 Nb6 11. f4 exf4 12. gxf4 f5 13. Ne5 Nxe5 14. fxe5 f4 15. a5 {1-0 (33) Ding,L (2791)-Karjakin,S (2782) Stavanger 2018}) 5... d5 6. d4 {A04: Unusual lines after 1 Nf3 and King's Indian Attack} e4 7. Ne5 Be7 $146 ({Predecessor:} 7... Be6 8. f4 Qc8 9. Nxc6 bxc6 10. Kh1 h5 11. Qe1 Be7 12. h4 Rb8 {½-½ (24) Werner,D (2052)-Wohde,J (1947) Reil an der Mosel 2016}) 8. Nxc6 bxc6 9. c4 O-O 10. dxc5 Bxc5 11. Nc3 {[%cal Bb1c3,Bc3a4,Ba4c5][%mdl 32]} h6 12. cxd5 cxd5 13. Na4 Be7 14. Be3 Be6 15. Bd4 h5 16. Nc5 Bg4 17. h3 Bf5 18. Qd2 Nd7 19. Rac1 Nxc5 20. Bxc5 Bxc5 21. Rxc5 Be6 22. h4 Qb6 23. Rfc1 a5 24. e3 Qb4 25. R1c3 Rab8 26. Rc2 a4 27. Qd1 a3 28. bxa3 Qb1 {[#]} (28... Qxa3 $11 29. R5c3 (29. Qxh5 Rb1+ 30. Kh2 Rb2 $11) 29... Qa6) 29. Rc1 $1 $16 {[%cal Rc1b1]} Qxa2 {[#]} 30. Ra1 ({But not} 30. Qxh5 $6 Rb2 $11) (30. a4 $1 $16) 30... Qb2 $14 31. Rc2 Qe5 32. a4 g5 33. hxg5 Qxg5 34. Qd4 h4 35. gxh4 Qxh4 36. f3 {Strongly threatening Bf1.} Rfc8 {The position is equal.} 37. Rf2 {[%cal Rf3e4]} Rc4 38. Qe5 Rbc8 $1 {Accuracy: White = 60%, Black = 58%.} 1/2-1/2

[Event "Hunan Belt and Road Open 2019"]
[Site "Hunan"]
[Date "2019.07.30"]
[Round "2.21"]
[White "Oleksiyenko, Mykhaylo"]
[Black "Xiang, Zeyu"]
[Result "1-0"]
[WhiteElo "2600"]
[BlackElo "2447"]
[Annotator "RC"]
[PlyCount "97"]
[EventDate "2019.07.29"]
[EventType "swiss"]
[EventCountry "CHN"]
[SourceTitle "playchess.com"]
[Source "ChessBase"]
[SourceQuality "1"]
[TimeControl "5400+30"]

1. e4 {[%emt 0:00:00]} e5 {[%emt 0:00:00]} 2. Nf3 {[%emt 0:00:00]} Nc6 {[%emt 0:00:00]} 3. Bc4 {[%emt 0:00:00]} Bc5 {[%emt 0:00:13]} 4. c3 {[%emt 0:00:00]} Nf6 {[%emt 0:00:17]} 5. d4 exd4 {[%emt 0:00:00]} 6. e5 {[%emt 0:00:06]} d5 {[%emt 0:00:00]} 7. Bb5 {[%emt 0:00:07]} Ne4 {[%emt 0:00:00]} 8. cxd4 {[%emt 0:00:08]} Bb6 {[%emt 0:00:00]} 9. Nc3 {[%emt 0:00:25]} Bg4 {[%emt 0:00:10]} 10. Be3 {[%emt 0:00:12]} O-O {[%emt 0:00:08]} 11. h3 {[%emt 0:00:17]} Bh5 {[%emt 0:00:08]} 12. Qc2 {[%emt 0:00:24]} Bg6 {[%emt 0:00:08]} 13. Qb3 {[%emt 0:00:14]} Ne7 {[%emt 0:00:59]} 14. O-O {[%emt 0:01:01]} c6 {[%emt 0:00:22]} 15. Bd3 {[%emt 0:00:17]} Nxc3 {[%emt 0:02:12]} 16. Qxc3 {[%emt 0:00:20]} f6 {[%emt 0:02:26]} 17. exf6 {[%emt 0:04:47]} Rxf6 {[%emt 0:00:37]} 18. Ne5 {[%emt 0:00:39]} Bxd3 {[%emt 0:00:00]} 19. Qxd3 {[%emt 0:02:48]} Qd6 {[%emt 0:09:53]} 20. f4 {[%emt 0:08:20]} Nf5 {[%emt 0:02:29]} 21. Bf2 {[%emt 0:01:42]} Qc7 {[%emt 0:00:00]} 22. a4 a5 {[%emt 0:15:26]} 23. g4 {[%emt 0:31:41]} Nd6 {[%emt 0:00:00]} 24. Bg3 {[%emt 0:00:19]} Ne4 {[%emt 0:00:00]} 25. Kg2 {[%emt 0:03:00]} Qd6 {[%emt 0:00:00]} 26. Rad1 {[%emt 0:06:47]} Qb4 27. b3 {[%emt 0:11:17]} Bc7 {[%emt 0:01:59]} 28. f5 {[%emt 0:17:09]} c5 {[%emt 0:20:02]} 29. Be1 Qa3 {[%emt 0:02:55]} 30. Qc2 {[%emt 0:02:19]} Re8 {[%emt 0:02:48]} 31. Rf3 {[%emt 0:29:10]} c4 {[%emt 0:08:13]} 32. b4 {[%emt 0:00:00]} c3 {[%emt 0:18:17]} 33. Bxc3 {[%emt 0:01:24]} Bxe5 {[%emt 0:03:46]} 34. Ra1 {[%emt 0:00:00]} Qxa1 {[%emt 0:01:07]} 35. Bxa1 {[%emt 0:00:00]} Rc6 {[%emt 0:01:52]} 36. Qb3 {[%emt 0:00:00]} Bd6 37. bxa5 {[%emt 0:02:56]} Rc4 {[%emt 0:02:37]} 38. Re3 {[%emt 0:00:59]} Rec8 {[%emt 0:00:24]} 39. Re2 {[%emt 0:02:18]} R8c7 {[%emt 0:01:13]} 40. Qb5 {[%emt 0:00:24]} Nf6 {[%emt 0:00:59]} 41. a6 {[%emt 0:00:00]} bxa6 {[%emt 0:00:00]} 42. Qxa6 {[%emt 0:02:37]} R7c6 {[%emt 0:01:08]} 43. Qb5 {[%emt 0:01:28]} h6 {[%emt 0:03:01]} 44. a5 {[%emt 0:00:32]} Rc8 {[%emt 0:02:07]} 45. a6 {[%emt 0:00:00]} Bb8 {[%emt 0:00:00]} 46. Bb2 {[%emt 0:00:00]} Ba7 {[%emt 0:01:25]} 47. h4 {[%emt 0:00:00]} Rb8 {[%emt 0:02:15]} 48. Qa5 Bxd4 {[%emt 0:00:06]} 49. Bxd4 {[%emt 0:00:00]} 1-0

[Event "Hunan Belt and Road Open 2019"]
[Site "Hunan"]
[Date "2019.07.30"]
[Round "2.22"]
[White "Fang, Yan"]
[Black "Ju, Wenjun"]
[Result "1/2-1/2"]
[WhiteElo "2424"]
[BlackElo "2595"]
[Annotator "ChessBase"]
[PlyCount "127"]
[EventDate "2019.07.29"]
[EventType "swiss"]
[EventCountry "CHN"]
[SourceTitle "playchess.com"]
[Source "ChessBase"]
[SourceQuality "1"]
[TimeControl "5400+30"]

1. d4 {[%emt 0:00:00]} Nf6 {[%emt 0:00:00]} 2. Nf3 {[%emt 0:00:00]} d5 {[%emt 0:00:14]} 3. c4 {[%emt 0:02:05]} e6 {[%emt 0:00:15]} 4. e3 {[%emt 0:00:29]} Be7 {[%emt 0:01:56]} 5. Nbd2 {[%emt 0:03:56]} O-O {[%emt 0:00:28]} 6. Bd3 {[%emt 0:00:05]} c5 {[%emt 0:00:23]} 7. dxc5 {[%emt 0:03:10]} Nbd7 {[%emt 0:02:03]} 8. O-O {[%emt 0:03:28]} Nxc5 {[%emt 0:00:41]} 9. Be2 {[%emt 0:05:54]} Nfe4 {[%emt 0:08:59]} 10. Nxe4 {[%emt 0:06:05]} dxe4 {[%emt 0:02:16]} 11. Nd4 {[%emt 0:00:53]} e5 {[%emt 0:18:03]} 12. Nb5 {[%emt 0:00:36]} f5 {[%emt 0:08:56]} 13. Qxd8 {[%emt 0:24:06]} Rxd8 {[%emt 0:00:26]} 14. Nc7 {[%emt 0:01:29]} Rb8 {[%emt 0:00:02]} 15. Nd5 {[%emt 0:00:12]} Bd6 {[%emt 0:04:18]} 16. Rd1 {[%emt 0:04:23]} Be6 {[%emt 0:01:14]} 17. b3 {[%emt 0:04:51]} Nd3 {[%emt 0:07:25]} 18. Bxd3 {[%emt 0:02:57]} exd3 {[%emt 0:00:02]} 19. Rxd3 {[%emt 0:00:12]} b5 {[%emt 0:01:59]} 20. e4 {[%emt 0:08:27]} bxc4 {[%emt 0:10:02]} 21. bxc4 {[%emt 0:00:05]} fxe4 {[%emt 0:00:12]} 22. Rd1 {[%emt 0:01:51]} Rbc8 {[%emt 0:01:47]} 23. Be3 {[%emt 0:05:22]} Rd7 {[%emt 0:00:25]} 24. c5 {[%emt 0:09:45]} Bf8 {[%emt 0:01:06]} 25. Nc3 {[%emt 0:01:05]} Rxd1+ {[%emt 0:00:03]} 26. Rxd1 {[%emt 0:00:32]} Bxc5 {[%emt 0:00:03]} 27. Bxc5 {[%emt 0:00:55]} Rxc5 {[%emt 0:00:03]} 28. Nxe4 {[%emt 0:00:06]} Ra5 {[%emt 0:07:35]} 29. a4 {[%emt 0:07:16]} h6 {[%emt 0:01:57]} 30. f3 {[%emt 0:01:12]} Bb3 {[%emt 0:00:30]} 31. Rb1 {[%emt 0:00:20]} Bc2 {[%emt 0:00:10]} 32. Rb8+ {[%emt 0:01:00]} Kh7 {[%emt 0:00:08]} 33. Nc3 {[%emt 0:02:41]} Bxa4 {[%emt 0:02:45]} 34. Nxa4 {[%emt 0:00:02]} Rxa4 {[%emt 0:00:03]} 35. Rb5 {[%emt 0:00:09]} e4 {[%emt 0:00:01]} 36. fxe4 {[%emt 0:00:05]} Rxe4 {[%emt 0:00:01]} 37. Ra5 {[%emt 0:00:11]} Re7 {[%emt 0:00:01]} 38. Ra6 {[%emt 0:00:06]} Kg8 {[%emt 0:00:33]} 39. Kf2 {[%emt 0:00:40]} Kf8 {[%emt 0:00:37]} 40. Kf3 {[%emt 0:01:07]} Ke8 {[%emt 0:00:02]} 41. Kf4 {[%emt 0:02:04]} Kd8 {[%emt 0:00:02]} 42. Kf5 {[%emt 0:00:34]} Kc8 {[%emt 0:00:59]} 43. Kg6 {[%emt 0:00:25]} Kb7 {[%emt 0:00:02]} 44. Ra2 {[%emt 0:00:37]} a6 {[%emt 0:00:17]} 45. g4 {[%emt 0:00:13]} Kb6 {[%emt 0:00:02]} 46. Rb2+ {[%emt 0:00:08]} Kc5 {[%emt 0:00:17]} 47. Ra2 {[%emt 0:00:03]} Kb5 {[%emt 0:07:13]} 48. h4 {[%emt 0:00:46]} a5 {[%emt 0:00:12]} 49. g5 {[%emt 0:00:02]} hxg5 {[%emt 0:00:07]} 50. hxg5 {[%emt 0:00:01]} a4 {[%emt 0:00:05]} 51. Kh7 {[%emt 0:00:16]} Kb4 {[%emt 0:00:58]} 52. g6 {[%emt 0:00:06]} a3 {[%emt 0:00:19]} 53. Rf2 {[%emt 0:00:04]} Kc5 {[%emt 0:02:16]} 54. Rf5+ {[%emt 0:00:15]} Kc4 {[%emt 0:03:44]} 55. Rf4+ {[%emt 0:00:11]} Kb5 {[%emt 0:00:11]} 56. Rf5+ {[%emt 0:00:10]} Kb6 {[%emt 0:00:03]} 57. Rf3 {[%emt 0:00:07]} Ra7 {[%emt 0:00:06]} 58. Rxa3 {[%emt 0:00:28]} Rxa3 {[%emt 0:00:03]} 59. Kxg7 {[%emt 0:00:04]} Kc7 {[%emt 0:00:03]} 60. Kf7 {[%emt 0:00:36]} Rf3+ {[%emt 0:00:18]} 61. Ke7 {[%emt 0:00:07]} Rg3 {[%emt 0:00:04]} 62. Kf7 {[%emt 0:00:03]} Kd7 {[%emt 0:00:40]} 63. g7 {[%emt 0:00:04]} Rxg7+ {[%emt 0:00:04]} 64. Kxg7 {[%emt 0:00:03]} 1/2-1/2

[Event "Hunan Belt and Road Open 2019"]
[Site "Hunan"]
[Date "2019.07.30"]
[Round "2.23"]
[White "Wen, Yang"]
[Black "Xie, Jianjun"]
[Result "1-0"]
[WhiteElo "2586"]
[BlackElo "2417"]
[Annotator "ChessBase"]
[PlyCount "113"]
[EventDate "2019.07.29"]
[EventType "swiss"]
[EventCountry "CHN"]
[SourceTitle "playchess.com"]
[Source "ChessBase"]
[SourceQuality "1"]
[TimeControl "5400+30"]

1. e4 {[%emt 0:00:00]} d6 {[%emt 0:01:26]} 2. d4 {[%emt 0:03:03]} Nf6 {[%emt 0:00:06]} 3. Nc3 {[%emt 0:01:07]} c6 {[%emt 0:00:08]} 4. f4 {[%emt 0:02:09]} Qa5 {[%emt 0:00:07]} 5. Bd3 {[%emt 0:00:52]} e5 {[%emt 0:00:06]} 6. Nf3 {[%emt 0:00:31]} Bg4 {[%emt 0:00:14]} 7. Be3 {[%emt 0:01:22]} Nbd7 {[%emt 0:03:04]} 8. O-O {[%emt 0:00:41]} Be7 {[%emt 0:03:54]} 9. h3 {[%emt 0:00:58]} Bh5 {[%emt 0:13:34]} 10. Qe1 {[%emt 0:03:56]} Bxf3 {[%emt 0:08:23]} 11. Rxf3 {[%emt 0:00:19]} Nh5 {[%emt 0:00:10]} 12. Ne2 {[%emt 0:13:34]} Qxe1+ {[%emt 0:16:52]} 13. Rxe1 {[%emt 0:00:09]} O-O {[%emt 0:05:17]} 14. g4 {[%emt 0:02:30]} Nxf4 {[%emt 0:03:15]} 15. Nxf4 {[%emt 0:00:13]} exf4 {[%emt 0:00:06]} 16. Bxf4 {[%emt 0:00:05]} Rfe8 {[%emt 0:05:36]} 17. Ref1 {[%emt 0:18:20]} f6 {[%emt 0:03:30]} 18. a4 {[%emt 0:08:29]} Kh8 {[%emt 0:02:45]} 19. a5 {[%emt 0:01:18]} a6 {[%emt 0:05:25]} 20. c3 {[%emt 0:01:19]} Nf8 {[%emt 0:01:28]} 21. Bc4 {[%emt 0:00:52]} Ng6 {[%emt 0:03:17]} 22. Bg3 {[%emt 0:00:27]} Bd8 {[%emt 0:03:47]} 23. Bxd6 {[%emt 0:07:20]} Rxe4 {[%emt 0:00:24]} 24. b4 {[%emt 0:01:10]} Be7 {[%emt 0:10:50]} 25. Bd3 {[%emt 0:01:00]} Re6 {[%emt 0:00:10]} 26. Bg3 {[%emt 0:00:29]} Bf8 {[%emt 0:00:55]} 27. h4 {[%emt 0:16:22]} Ne7 {[%emt 0:03:20]} 28. g5 {[%emt 0:01:01]} Nd5 {[%emt 0:00:08]} 29. gxf6 {[%emt 0:00:03]} gxf6 {[%emt 0:00:56]} 30. Bc4 {[%emt 0:01:26]} Be7 {[%emt 0:00:35]} 31. Re1 {[%emt 0:06:40]} Rxe1+ {[%emt 0:00:09]} 32. Bxe1 {[%emt 0:00:02]} Rg8+ {[%emt 0:01:05]} 33. Kf1 {[%emt 0:00:35]} Kg7 {[%emt 0:00:29]} 34. Rg3+ {[%emt 0:04:01]} Kf7 {[%emt 0:00:11]} 35. Rxg8 {[%emt 0:00:38]} Kxg8 {[%emt 0:00:03]} 36. Bd2 {[%emt 0:00:08]} Kg7 {[%emt 0:00:22]} 37. Bd3 {[%emt 0:00:23]} Bd6 {[%emt 0:00:37]} 38. Bf5 {[%emt 0:00:30]} Ne7 {[%emt 0:01:38]} 39. Be6 {[%emt 0:00:27]} Kg6 {[%emt 0:01:17]} 40. Kg2 {[%emt 0:00:22]} Kh5 {[%emt 0:00:30]} 41. Kh3 {[%emt 0:00:21]} Kg6 {[%emt 0:01:11]} 42. h5+ {[%emt 0:02:06]} Kxh5 {[%emt 0:00:37]} 43. Bf7+ {[%emt 0:00:04]} Ng6 {[%emt 0:00:01]} 44. c4 {[%emt 0:00:40]} f5 {[%emt 0:00:40]} 45. c5 {[%emt 0:00:00]} Bc7 {[%emt 0:01:52]} 46. d5 {[%emt 0:00:00]} cxd5 {[%emt 0:01:06]} 47. Bxd5 {[%emt 0:00:02]} Bf4 {[%emt 0:00:09]} 48. Be1 {[%emt 0:02:05]} Bc7 {[%emt 0:00:27]} 49. Bg3 {[%emt 0:00:11]} f4 {[%emt 0:00:49]} 50. Bh2 {[%emt 0:00:39]} Kg5 {[%emt 0:01:09]} 51. Bxb7 {[%emt 0:00:04]} Ne5 {[%emt 0:00:12]} 52. b5 {[%emt 0:01:02]} axb5 {[%emt 0:00:19]} 53. a6 {[%emt 0:00:01]} Bb8 {[%emt 0:00:06]} 54. c6 {[%emt 0:00:04]} Nxc6 {[%emt 0:01:37]} 55. Bxc6 {[%emt 0:00:01]} b4 {[%emt 0:00:05]} 56. Kg2 {[%emt 0:01:00]} b3 {[%emt 0:00:02]} 57. Kf3 {[%emt 0:00:06]} 1-0

[Event "Hunan Belt and Road Open 2019"]
[Site "Hunan"]
[Date "2019.07.30"]
[Round "2.24"]
[White "Raja Harshit"]
[Black "Xu, Xiangyu"]
[Result "1/2-1/2"]
[WhiteElo "2434"]
[BlackElo "2585"]
[Annotator "TA"]
[PlyCount "40"]
[EventDate "2019.07.29"]
[EventType "swiss"]
[EventCountry "CHN"]
[SourceTitle "playchess.com"]
[Source "ChessBase"]
[SourceQuality "1"]

{[%evp 13,40,22,27,30,30,28,37,9,10,10,7,0,0,12,4,0,0,2,7,3,3,0,0,0,0,0,0,0,-3]} 1. e4 g6 2. d4 d6 3. Nc3 Bg7 4. Nf3 a6 5. Be2 Nf6 6. O-O O-O 7. a4 Nc6 8. Be3 {B08: Pirc Defence: Classical System} (8. h3 e5 9. dxe5 Nxe5 10. Nxe5 dxe5 11. Qxd8 Rxd8 12. Bg5 Re8 13. Rfd1 Be6 14. a5 Rac8 15. Bxf6 Bxf6 16. Bg4 Be7 17. Nd5 Bg5 18. Bxe6 Rxe6 {½-½ (41) Bindrich,F (2606)-Maghsoodloo,P (2688) St Petersburg 2018}) 8... Ng4 9. Bf4 $146 ({Predecessor:} 9. Bg5 h6 10. Bh4 Nf6 11. h3 Kh7 12. Qd2 a5 13. Rad1 Nb4 14. Nh2 d5 15. e5 Ng8 {1-0 (48) Vajda,L (2440)-Lupu,M (2505) Bucharest 1998}) 9... e5 10. dxe5 {White is slightly better.} (10. Bg5 $5 {[%cal Rg5d8]} f6 11. Bc1 $11) 10... Ngxe5 {The position is equal.} 11. Nxe5 dxe5 12. Qxd8 Rxd8 13. Bg5 f6 14. Bc4+ Kh8 15. Be3 Nd4 16. Rad1 Be6 17. Bxe6 Nxe6 18. f3 Kg8 19. Kf2 Kf7 20. g3 Bf8 1/2-1/2

[Event "Hunan Belt and Road Open 2019"]
[Site "Hunan"]
[Date "2019.07.30"]
[Round "2.25"]
[White "Xu, Yinglun"]
[Black "Batsiashvili, Nino"]
[Result "1-0"]
[WhiteElo "2562"]
[BlackElo "2433"]
[Annotator "ChessBase"]
[PlyCount "65"]
[EventDate "2019.07.29"]
[EventType "swiss"]
[EventCountry "CHN"]
[SourceTitle "playchess.com"]
[Source "ChessBase"]
[SourceQuality "1"]
[TimeControl "5400+30"]

1. c4 {[%emt 0:00:00]} e6 {[%emt 0:03:19]} 2. Nc3 {[%emt 0:00:06]} d5 {[%emt 0:00:06]} 3. d4 {[%emt 0:00:04]} a6 {[%emt 0:00:15]} 4. cxd5 {[%emt 0:03:27]} exd5 {[%emt 0:00:06]} 5. Bf4 {[%emt 0:06:04]} Nf6 {[%emt 0:00:25]} 6. e3 {[%emt 0:00:14]} Bd6 {[%emt 0:00:41]} 7. Bg5 {[%emt 0:01:09]} Be6 {[%emt 0:08:43]} 8. Bd3 {[%emt 0:01:27]} h6 {[%emt 0:05:34]} 9. Bh4 {[%emt 0:06:13]} Nbd7 {[%emt 0:06:31]} 10. f4 {[%emt 0:01:43]} g5 {[%emt 0:06:18]} 11. fxg5 {[%emt 0:02:55]} Ng4 {[%emt 0:10:13]} 12. Nf3 {[%emt 0:02:45]} Be7 {[%emt 0:01:12]} 13. Qe2 {[%emt 0:06:55]} hxg5 {[%emt 0:00:56]} 14. Bg3 {[%emt 0:00:08]} Nh6 {[%emt 0:11:52]} 15. O-O-O {[%emt 0:04:08]} c6 {[%emt 0:06:18]} 16. e4 {[%emt 0:14:28]} dxe4 {[%emt 0:03:57]} 17. Bxe4 {[%emt 0:01:26]} g4 {[%emt 0:06:18]} 18. Ne5 {[%emt 0:03:50]} Nb6 {[%emt 0:05:50]} 19. Kb1 {[%emt 0:04:10]} Nd5 {[%emt 0:04:00]} 20. Nxd5 {[%emt 0:01:13]} cxd5 {[%emt 0:01:51]} 21. Bc2 {[%emt 0:01:12]} Nf5 {[%emt 0:01:07]} 22. Nxf7 {[%emt 0:13:49]} Kxf7 {[%emt 0:00:17]} 23. Rhf1 {[%emt 0:00:04]} Qd7 {[%emt 0:02:21]} 24. Rxf5+ {[%emt 0:00:38]} Bxf5 {[%emt 0:00:31]} 25. Rf1 {[%emt 0:00:03]} Bf6 {[%emt 0:07:03]} 26. Bxf5 {[%emt 0:00:43]} Qe7 {[%emt 0:00:48]} 27. Qxg4 {[%emt 0:00:21]} Rag8 {[%emt 0:00:30]} 28. Qf3 {[%emt 0:00:08]} Kg7 {[%emt 0:03:28]} 29. Rc1 {[%emt 0:00:36]} Kh6 {[%emt 0:02:43]} 30. Bf4+ {[%emt 0:01:15]} Bg5 {[%emt 0:00:05]} 31. h4 {[%emt 0:00:14]} Bxf4 {[%emt 0:00:55]} 32. Qxf4+ {[%emt 0:00:05]} Kh5 {[%emt 0:00:29]} 33. g4+ {[%emt 0:00:07]} 1-0

[Event "Hunan Belt and Road Open 2019"]
[Site "Hunan"]
[Date "2019.07.30"]
[Round "2.26"]
[White "Lin, Weiguo"]
[Black "Zeng, Chongsheng"]
[Result "0-1"]
[WhiteElo "2408"]
[BlackElo "2551"]
[Annotator "ChessBase"]
[PlyCount "82"]
[EventDate "2019.07.29"]
[EventType "swiss"]
[EventCountry "CHN"]
[SourceTitle "playchess.com"]
[Source "ChessBase"]
[SourceQuality "1"]
[TimeControl "5400+30"]

1. d4 {[%emt 0:00:00]} Nf6 {[%emt 0:00:00]} 2. c4 {[%emt 0:00:00]} g6 {[%emt 0:00:43]} 3. g3 {[%emt 0:00:00]} Bg7 {[%emt 0:00:21]} 4. Bg2 {[%emt 0:00:08]} d5 {[%emt 0:00:04]} 5. cxd5 {[%emt 0:00:18]} Nxd5 {[%emt 0:00:04]} 6. e4 {[%emt 0:00:11]} Nb6 {[%emt 0:00:04]} 7. Ne2 {[%emt 0:00:12]} O-O {[%emt 0:01:06]} 8. O-O {[%emt 0:00:59]} Nc6 {[%emt 0:00:06]} 9. d5 {[%emt 0:00:18]} Na5 {[%emt 0:00:06]} 10. Nbc3 {[%emt 0:00:18]} c6 {[%emt 0:00:33]} 11. b3 {[%emt 0:00:54]} cxd5 {[%emt 0:00:29]} 12. exd5 {[%emt 0:00:10]} Bg4 {[%emt 0:00:04]} 13. Bd2 {[%emt 0:00:34]} e6 {[%emt 0:00:37]} 14. dxe6 {[%emt 0:00:53]} Nc6 {[%emt 0:00:00]} 15. Rc1 {[%emt 0:18:50]} Nd4 {[%emt 0:13:34]} 16. f3 {[%emt 0:06:05]} Bxe6 {[%emt 0:00:41]} 17. Be3 {[%emt 0:01:43]} Nf5 {[%emt 0:10:03]} 18. Bf2 {[%emt 0:02:42]} Nd5 {[%emt 0:01:38]} 19. Nxd5 {[%emt 0:00:48]} Bxd5 {[%emt 0:04:07]} 20. g4 {[%emt 0:06:47]} Ne7 21. Re1 {[%emt 0:19:02]} Bc6 22. Bc5 Bd5 {[%emt 0:11:24]} 23. Bf2 {[%emt 0:01:00]} Bc6 24. Bc5 {[%emt 0:00:30]} Bf6 {[%emt 0:08:54]} 25. Nd4 {[%emt 0:02:11]} Bd7 {[%emt 0:02:01]} 26. Kh1 {[%emt 0:11:07]} Rc8 27. f4 {[%emt 0:10:22]} Bxg4 {[%emt 0:14:13]} 28. Qxg4 {[%emt 0:01:29]} Bxd4 {[%emt 0:00:15]} 29. Red1 {[%emt 0:01:48]} Rxc5 {[%emt 0:00:34]} 30. Rxc5 {[%emt 0:00:15]} Bxc5 {[%emt 0:00:02]} 31. Rxd8 {[%emt 0:00:11]} Rxd8 {[%emt 0:00:01]} 32. Bxb7 {[%emt 0:00:45]} Rd2 {[%emt 0:00:36]} 33. a4 {[%emt 0:02:40]} Nf5 {[%emt 0:05:53]} 34. Be4 {[%emt 0:01:47]} Ne3 {[%emt 0:00:24]} 35. Qc8+ {[%emt 0:00:20]} Kg7 {[%emt 0:00:26]} 36. h3 {[%emt 0:01:15]} Bd4 {[%emt 0:00:47]} 37. Qa6 {[%emt 0:01:59]} h5 {[%emt 0:03:44]} 38. a5 {[%emt 0:01:32]} h4 {[%emt 0:01:32]} 39. b4 {[%emt 0:00:25]} Rd1+ {[%emt 0:00:47]} 40. Kh2 {[%emt 0:00:01]} Nf1+ {[%emt 0:00:19]} 41. Kg2 {[%emt 0:00:40]} Nd2 {[%emt 0:00:13]} 0-1